[Programes de mà de l'Associació de Teatre Selecte]
MARC
| LEADER | 00000nam a2200000Ia 4500 | ||
|---|---|---|---|
| 001 | 23619 | ||
| 003 | BGR | ||
| 005 | 20260410113635.0 | ||
| 008 | 160829s1934 - 1936 xx 000 0 cat d | ||
| 080 | |a RF-16-93 | ||
| 245 | |a [Programes de mà de l'Associació de Teatre Selecte] | ||
| 260 | |a Barcelona : |b s.n., |c 1934 - 1936 | ||
| 300 | |a 15 díptics ; |c 19 cm | ||
| 590 | |a Dins d'un sobre hi ha: 1 díptic amb la sessió del 12 de maig de 1934, 1 díptic amb la sessió homenatge a Prudenci Bertrana (1934), 1 díptic informatiu sobre el concepte del teatre dinàmic, 12 díptics amb les sessions 5, 6, 9, 10, 11, 31, 32, 33, 34, 35, 36 i 44. | ||
| 590 | |a Dins del programa de la sessió 35 hi ha 4 fulls solts. | ||
| 590 | |a Prové de Q-283, exp. 372 | ||
| 650 | |a Associació de Teatre Selecte |x Programes |9 49041 | ||
| 650 | |a Teatre |x Programes |9 47620 | ||
| 710 | 2 | |9 70350 |a Associació de Teatre Selecte | |
| 856 | 4 | |u https://media.diba.cat/diba/fitxers/arxiu/fulletons/bib_23619_1933_1936_baixa.pdf |y Accés lliure | |
| 856 | 4 | |u https://media.diba.cat/diba/fitxers/arxiu/fulletons/bib_23619_1933_1936_baixa.pdf |y Accés lliure | |
| 900 | |a bib_23619_1933_1936_baixa.pdf | ||
| 901 | |a Arxiu | ||
| 942 | |n 1 |2 udc |c MON | ||
| 952 | |0 0 |1 0 |4 0 |6 RF1693 |7 1 |9 55052 |a Arxiu |b Arxiu |d 2012-09-07 |l 0 |o RF-16-93 |p 23619 |r 2016-12-01 00:00:00 |w 2016-12-01 |y ARXIU | ||
| 999 | |c 58922 |d 58922 | ||